Catálogo
 En Linea

Miguel Pineda: (Registro nro. 51819)

Detalles MARC
000 -CABECERA
campo de control de longitud fija 01196nam a2200301 a 4500
003 - IDENTIFICADOR DEL NÚMERO DE CONTROL
campo de control DO-SdBNP
005 - FECHA Y HORA DE LA ÚLTIMA TRANSACCIÓN
campo de control 20220530100622.0
007 - CAMPO FIJO DE DESCRIPCIÓN FÍSICA--INFORMACIÓN GENERAL
campo de control de longitud fija ta
008 - DATOS DE LONGITUD FIJA--INFORMACIÓN GENERAL
campo de control de longitud fija 220525e2008 dr a|||grc||| 00| 0dspa d
040 ## - FUENTE DE LA CATALOGACIÓN
Centro catalogador/agencia de origen DO-SdBNP
Lengua de catalogación spa
Centro/agencia transcriptor BNPHU
082 #4 - NÚMERO DE LA CLASIFICACIÓN DECIMAL DEWEY
Número de edición 22
Número de documento/Ítem P649m
100 1# - ENTRADA PRINCIPAL--NOMBRE DE PERSONA
Nombre de persona Pineda, Miguel
Fechas asociadas al nombre 1962
9 (RLIN) 81682
245 10 - MENCIÓN DE TÍTULO
Título Miguel Pineda:
Resto del título memorias al margen. /
Mención de responsabilidad, etc. Miguel Pineda; Texto y curaduría, Amable López Meléndez; Coordinador, Marcos A. Campusano; Traductor, Mónica Raful; Fotografía, Virgilio Félix;
260 ## - PUBLICACIÓN, DISTRIBUCIÓN, ETC.
Lugar de publicación, distribución, etc. Santo Domingo :
Nombre del editor, distribuidor, etc. Alianza Francesa,
Fecha de publicación, distribución, etc. 2010
300 ## - DESCRIPCIÓN FÍSICA
Extensión 60 p. :
Otras características físicas il. ;
Dimensiones 26 cm.
500 ## - NOTA GENERAL
Nota general Incluye datos biográficos del autor, p. 53- 55
500 ## - NOTA GENERAL
Nota general Incluye bibliografía y notas al pié de páginas.
546 ## - NOTA DE LENGUA/LENGUAJE
Nota de lengua/lenguaje Incluye traducción al inglés.
590 ## - NOTA LOCAL (RLIN)
Nota local Inventariado 2022 / MF
650 #4 - PUNTO DE ACCESO ADICIONAL DE MATERIA--TÉRMINO DE MATERIA
Término de materia o nombre geográfico como elemento de entrada Arte dominicano
Subdivisión de forma Exposiciones
Subdivisión general Catálogos
9 (RLIN) 81683
Subdivisión cronológica Siglo XX
650 #4 - PUNTO DE ACCESO ADICIONAL DE MATERIA--TÉRMINO DE MATERIA
Término de materia o nombre geográfico como elemento de entrada Exposicion
Subdivisión de forma Pintura
Subdivisión general República Dominicana
9 (RLIN) 81684
700 1# - PUNTO DE ACCESO ADICIONAL--NOMBRE DE PERSONA
9 (RLIN) 25471
Nombre de persona López Meléndez, Amable
Término indicativo de función/relación texto.
700 1# - PUNTO DE ACCESO ADICIONAL--NOMBRE DE PERSONA
Nombre de persona Campusano, Marcos A.
Término indicativo de función/relación coord.
9 (RLIN) 81685
700 1# - PUNTO DE ACCESO ADICIONAL--NOMBRE DE PERSONA
Fechas asociadas al nombre Raful, Mónica,
Término indicativo de función/relación trad.
9 (RLIN) 81686
700 ## - PUNTO DE ACCESO ADICIONAL--NOMBRE DE PERSONA
9 (RLIN) 81681
Nombre de persona Félix, Virgilio,
Término indicativo de función/relación fotogr.
910 ## - DATOS DE OPCIÓN DEL USUARIO (OCLC)
Datos de opción del usuario MFeliz
942 ## - ELEMENTOS DE PUNTO DE ACCESO ADICIONAL (KOHA)
Fuente del sistema de clasificación o colocación Dewey Decimal Classification
Tipo de ítem Koha Libro
Existencias
Estado de retiro Estado de pérdida Fuente del sistema de clasificación o colocación Restricciones de uso No para préstamo Código de colección Localización permanente Ubicación/localización actual Ubicación en estantería Fecha de adquisición Total de préstamos Signatura topográfica completa Código de barras Fecha visto por última vez Precio válido a partir de Tipo de ítem Koha
    Dewey Decimal Classification Excluido de préstamo   Patrimonio Dominicano Biblioteca Nacional Pedro Henríquez Ureña Biblioteca Nacional Pedro Henríquez Ureña Depósito 25.05.2022   P649m 2022-2410 25.05.2022 25.05.2022 Libro

Con tecnología Koha